00309nam a2200109 a 4500008004100000050001400041100003200055245007200087260002300159300000800182350000900190080109s1967 ||||||||||||||||| || u aQ 175 Whe aWhewell, William, 1794-186614aThe philosophy of the inductive sciences founded upon their history aLondonbCassc1967 a2 v a0.00